| 000 | 00420nam a2200109Ia 4500 | ||
|---|---|---|---|
| 008 | 170221s9999 xx 000 0 und d | ||
| 100 | _aCraig Cameron | ||
| 245 | 4 | _aThe What, Why and How of Generic Skills: A Financial Planning Case Study | |
| 245 | _cCraig Cameron, Mark Brimble, Julie Knutsen, and Brett Freudenberg | ||
| 650 | _xBusiness | ||
| 856 | _uhttp://ro.uow.edu.au/cgi/viewcontent.cgi?article=1504&context=aabfj | ||
| 999 |
_c307962 _d307962 |
||